000 00535cam a22002171 4500
001 sa 65008303
003 DLC
005 20260227112155.0
008 771114s1965 pk 000 0 eng
010 _asa 65008303
035 _a(OCoLC)3417071
040 _aDLC
_cPBlbM
_dDLC
042 _apremarc
050 0 0 _aBL80.2
_b.B74
100 1 _aBrelvi, Mahmud,
_d1908-
245 1 0 _aIslam and its contemporary faiths
250 _a[1st ed.]
260 _aKarachi,
_c1965.
300 _axii, 304 p. ;
_c23 cm.
650 0 _aReligions.
999 _c65686
_d65686